000 00652nam a2200217Ia 4500
008 191130s2002##################000#0#eng##
020 _a9780393978711
040 _aACL
_cACL
082 _a320 KAT
245 _aPolitical science: state of the discipline
_cIra Katznelson and Helen V. Milner, editors
260 _aNew York
_bAmerican Political Science Assn
_cc2002
300 _axv, 994, [A1]-A28 p. ; 25 cm
500 _aIncludes index
650 _aPolitical science
650 _aState, The
700 _aKatznelson, Ira
700 _aMilner, Helen V
990 _a80e55ed1ac10000c4ca0a94287395557
991 _a194840
999 _c39316
_d39316